ARRUPE JESUIT UNIVERSITY

CORONAVIRUS -STOP THE SPREAD - CLEAN,DISINFECT,COVER

A History of scientific thought : (Record no. 123039)

MARC details
000 -LEADER
fixed length control field 01200cam a2200301 a 4500
001 - CONTROL NUMBER
control field 2540421
003 - CONTROL NUMBER IDENTIFIER
control field ARRUPE
005 - DATE AND TIME OF LATEST TRANSACTION
control field 20150722151247.0
008 - FIXED-LENGTH DATA ELEMENTS--GENERAL INFORMATION
fixed length control field 940214s1995 enkab b 001 0 eng
010 ## - LIBRARY OF CONGRESS CONTROL NUMBER
LC control number 94007571
020 ## - INTERNATIONAL STANDARD BOOK NUMBER
International Standard Book Number 0631177396 (alk. paper) :
Terms of availability $39.95
040 ## - CATALOGING SOURCE
Original cataloging agency DLC
Transcribing agency DLC
Modifying agency DLC
041 1# - LANGUAGE CODE
Language code of text/sound track or separate title eng
Language code of original and/or intermediate translations of text fre
050 00 - LIBRARY OF CONGRESS CALL NUMBER
Classification number Q125
Item number .E4313 1995
082 00 - DEWEY DECIMAL CLASSIFICATION NUMBER
Classification number 509
Edition number 20
300 ## - PHYSICAL DESCRIPTION
Other physical details ill., maps ;
Dimensions 27 cm.
130 0# - MAIN ENTRY--UNIFORM TITLE
Uniform title Eléments d'histoire des science.
Language of a work English
9 (RLIN) 18529
245 12 - TITLE STATEMENT
Title A History of scientific thought :
Remainder of title elements of a history of science : translated from the French /
Statement of responsibility, etc edited by Michel Serres ; [contributors] Michel Authier... [et al.].
260 ## - PUBLICATION, DISTRIBUTION, ETC. (IMPRINT)
Place of publication, distribution, etc Oxford ;
-- Cambridge, Mass. :
Name of publisher, distributor, etc Blackwell,
Date of publication, distribution, etc 1995.
300 ## - PHYSICAL DESCRIPTION
Extent viii, 760 p. :
504 ## - BIBLIOGRAPHY, ETC. NOTE
Bibliography, etc Includes bibliographical references (p. 734-751) and index.
650 #0 - SUBJECT ADDED ENTRY--TOPICAL TERM
Topical term or geographic name as entry element Science
General subdivision History.
9 (RLIN) 18530
650 #0 - SUBJECT ADDED ENTRY--TOPICAL TERM
Topical term or geographic name as entry element Science
General subdivision Philosophy
-- History.
9 (RLIN) 867
700 1# - ADDED ENTRY--PERSONAL NAME
Personal name Serres, Michel.
9 (RLIN) 18531
700 1# - ADDED ENTRY--PERSONAL NAME
Personal name Authier, Michel.
9 (RLIN) 18532
906 ## - LOCAL DATA ELEMENT F, LDF (RLIN)
a 7
b cbc
c orignew
d 1
e ocip
f 19
g y-gencatlg
942 ## - ADDED ENTRY ELEMENTS (KOHA)
Source of classification or shelving scheme Library of Congress Classification
Koha item type Monograph ( Printed materials)
Holdings
Withdrawn status Lost status Source of classification or shelving scheme Damaged status Not for loan Collection code Home library Current library Shelving location Date acquired Total Checkouts Full call number Barcode Date last seen Price effective from Koha item type
    Library of Congress Classification     Main Collection ARRUPE LIBRARY ARRUPE LIBRARY Main Collection 22/07/2015   Q125 .E4313 1995 46500004387 03/07/2019 22/07/2015 Monograph ( Printed materials)

 

Arrupe Library. PO Box MP320 Mt Pleasant, Harare, Zimbabwe
263 242 745411|librarian@aju.ac.zw